Plats avec du Beurre - Mort Subite - Statistiques

Statistiques générales
  • Ce quiz a été pris 392 fois
  • Le résultat moyen est 5 sur 16
Answers on the Grid
Answers color-coded by a green-red scale on the quiz's grid according to % correct below.
Crêpes Suzette
Sole meunière
Butter tarts
Kouign-amann
Mi-cuit au chocolat
Tarte Tatin
Escargots de Bourgogne
Poulet à la Kiev
Croissant au jambon
Jambon-beurre
Mysore pak
Bifteck maître d'hôtel
Quenelle de brochet sauce Nantua
Risotto
Œufs Benedict / Œufs bénédictines
Tournedos Rossini
Crème brûlée
Pastrami on rye
Fattouche
Falafel
Club sandwich
Moules à la provençale
Œufs mayonnaise
Bifteck à la florentine
Salade César
Salade niçoise
Focaccia alla genovese
Socca
 
Statistiques - réponses
Réponse % Correct
Jambon-beurre
63%
Kouign-amann
55%
Croissant au jambon
52%
Crêpes Suzette
51%
Tarte Tatin
45%
Escargots de Bourgogne
44%
Mi-cuit au chocolat
44%
Butter tarts
37%
Sole meunière
31%
Bifteck maître d'hôtel
27%
Risotto
21%
Tournedos Rossini
20%
Quenelle de brochet sauce Nantua
14%
Œufs Benedict / Œufs bénédictines
11%
Poulet à la Kiev
6%
Mysore pak
1%
Aucun quiz correspondant
Distribution des résultats
% des personnes avec chaque résultat
Percentile par nombre de réponses
Votre historique - résultats
Vous n’avez pas pris ce quiz